Approaches to the history of Spain

Αποθηκεύτηκε σε:
Λεπτομέρειες βιβλιογραφικής εγγραφής
Κύριος συγγραφέας: Vicens Vives, Jaime
Μορφή: Βιβλίο
Γλώσσα:English
Spanish
Δημοσίευση: Berkeley : University of California Press, c1970
Έκδοση:2nd ed., corr. and rev.
Θέματα:
Ετικέτες: Προσθήκη ετικέτας
Δεν υπάρχουν, Καταχωρήστε ετικέτα πρώτοι!

MARC

LEADER 00000cam a2200000 i 4500
001 1/21656
008 120629s1970 eng d
020 |a 0-520-01422-7 
035 |l 10112911 
040 |a GR-MY-UA  |b gre  |e aacr 
041 0 |a eng  |h spa 
082 0 |a 946  |2 (22) 
100 1 |a Vicens Vives, Jaime. 
245 1 0 |a Approaches to the history of Spain /  |c Jaime Vicens Vines ; translated and edited by Joan Connelly Ullman 
250 |a 2nd ed., corr. and rev. 
260 |a Berkeley :   |b University of California Press,   |c c1970 
300 |a xxv, 189 σ.;  |c 20 εκ. 
500 |a Τίτλος πρωτοτύπου: Aproximacion a la historia de Espana 
504 |a Περιλαμβάνει βιβλιογραφίες και ευρετήριο 
651 0 |a Spain  |x History. 
852 |a INST  |b SYROS  |e 20120629  |h 946 VIC  |p 005500010375  |q 005500010375  |t BK  |y 0 
901 |a BIBL5-2012-2 
909 |a Ε  |b 173928 
970 |a ΚΟΝΤΟΥ  |b ΠΑΡΑΣΚΕΥΗ  |z 2012/06/29